000 01064cam a22003131a 4500
001 gs 64000322
003 DLC
005 20260227111415.0
008 730129s1963 ohuab b 000 0 eng
010 _ags 64000322
035 _a(OCoLC)546852
040 _aDLC
_cODaWU
_dOCoLC
_dO
_dDLC
042 _apremarc
043 _an-us-oh
050 0 0 _aQE151
_b.A18 no. 61
086 0 _aONR 84.19:61
_2ohdocs
100 1 _aDeLong, Richard M.
245 1 0 _aGeology of Stark County /
_cby Richard M. DeLong, George W. White.
260 _aColumbus :
_bOhio Division of Geological Survey,
_c1963.
300 _ax, 209 p. ;
_bill., maps (some col.) ;
_c28 cm.
490 1 _aReport of investigations ;
_v61
500 _aMaps in pocket.
500 _aErrata slip inserted.
504 _aIncludes bibliographical references (p. 194-202).
650 0 _aGeology
_zOhio
_zStark County.
700 1 _aWhite, George Willard,
_d1903-
710 1 _aOhio.
_bDivision of Geological Survey.
830 0 _aReport of investigations (Ohio. Division of Geological Survey) ;
_v61.
999 _c29897
_d29897